The Go-Minute Manager (Record no. 2743)

MARC details
000 -LEADER
fixed length control field 00407nam a22001697a 4500
005 - DATE AND TIME OF LATEST TRANSACTION
control field 20260330152639.0
008 - FIXED-LENGTH DATA ELEMENTS--GENERAL INFORMATION
fixed length control field 160615b xxu||||| |||| 00| 0 eng d
020 ## - INTERNATIONAL STANDARD BOOK NUMBER
ISBN 81-297-0450-1
041 ## - LANGUAGE CODE
Language code of text/sound track or separate title eng
082 ## - DEWEY DECIMAL CLASSIFICATION NUMBER
Classification number 658.4
100 ## - MAIN ENTRY--AUTHOR NAME
Personal name Bolchover, David & Brady, Chris
245 ## - TITLE STATEMENT
Title The Go-Minute Manager
260 ## - PUBLICATION, DISTRIBUTION, ETC. (IMPRINT)
Place of publication Delhi
Name of publisher pearson education
300 ## - PHYSICAL DESCRIPTION
Number of Pages 274
650 ## - SUBJECT ADDED ENTRY--TOPICAL TERM
Topical Term Management
942 ## - ADDED ENTRY ELEMENTS (KOHA)
Koha item type Books
Holdings
Lost status Damaged status Collection code Home library Current library Shelving location Date acquired Cost, normal purchase price Full call number Accession Number Koha item type
    Reference JRU Library   SHELF-30-I 15/06/2016 195.00 7680 7680 Books
    ENGLISH JRU Library JRU Library SHELF-102-F 15/06/2016 195.00 7680 7681 Books
    MANAGEMENT JRU Library JRU Library SHELF-73-E 15/06/2016 195.00 7680 7682 Books
    MANAGEMENT JRU Library JRU Library SHELF-73-E 15/06/2016 195.00 7680 7683 Books